| 000 | 00884nas a2200301 4500 | ||
|---|---|---|---|
| 001 | BR9213237 | ||
| 003 | BR-BrBNA | ||
| 005 | 20231205095239.0 | ||
| 007 | ta | ||
| 008 | 230509b bl.|||p| |||| 00| 00por d | ||
| 040 |
_aBR-BrBNA _bpor _cBiblioteca Nacional de Agricultura |
||
| 041 | _a(Pt) | ||
| 072 | _aF08; P33 | ||
| 100 | 1 | _aYoshida, K. | |
| 100 | 1 | _aHakoyama, S. | |
| 100 | 1 | _aIwama, H. | |
| 100 | 1 | _aMoraes, M.H. | |
| 100 | 1 | _aCarvalho, W.A. | |
| 100 | 1 | _aNakagawa, J. | |
| 245 | 1 | _aEfeitos de dois sistemas de cultivo em algumas propriedades fisicas do solo | |
| 650 | _aSistema de Cultivo | ||
| 650 | _aPropriedade Fisico-Quimica | ||
| 650 | _aLatossolo Vermelho Escuro | ||
| 650 | _aSao Paulo | ||
| 773 | 0 |
_tCientifica (Brazil) _xISSN 0100-0039 _g(1991), v. 19(1) p. 103-127 _wBR9213237 |
|
| 909 |
_a202311 _bLúcia _c55 _dLúcia Elande |
||
| 942 |
_2AGRIS _n0 _cANA |
||
| 999 |
_c149579 _d149579 |
||